• 首页
  • 本馆介绍
  • 公告通知
  • 最新文献
  • 馆藏检索
  • 电子资源
  • 读者导购
  • 参考咨询
  • 我的图书馆
  • 登录
  • 详细信息显示
  • 放入我的书架
  • 预约/预借图书
  • 作者相关作品
  • 分类相关作品
  • 丛书相关作品
  • 出版社相关作品

书目信息

  • 表格格式
  • 工作单格式
  • 卡片格式
题名:
与官员谈西方经济学
    
 
作者: 王东京 , 张宝江 , 杨明宜 著
分册:  
出版信息: 南宁   广西人民出版社  1998.05
页数: 353页
开本: 32开
丛书名:
单 册:
中图分类: F03
科图分类:
主题词: 资本主义社会--生产方式
电子资源:
ISBN: 7-219-03754-6
000 00658nam0 2200217 45
001 0205141479
005 20031219104055.6
010    @a7-219-03754-6@dCNY18.00
100    @a20020514d1998 km y0chiy0120 ea
101 0  @achi
105    @a z 000yy
200 1  @a与官员谈西方经济学@AYu Guan Yuan Tan Xi Fang Jing Ji Xue@f王东京,张宝江,杨明宜著@FWang Dong Jing,Zhang Bao Jiang,Yang Ming Yi Zhu
210    @a南宁@c广西人民出版社@d1998.05
215    @a353页@d32开
606 0  @a资本主义社会@x生产方式
690    @aF03@v4
701    @a王东京@4著
701  0 @a张宝江@4著
701  0 @a杨明宜@4著
801    @aCN@bTSTC@c20020514
905    @b310365-369@dF03@e30@f5
    
    与官员谈西方经济学/王东京,张宝江,杨明宜著.-南宁:广西人民出版社,1998.05
    353页;32开
    
    
    ISBN 7-219-03754-6:CNY18.00
    
●
相关链接 在E读中查询图书 在五车中查询图书 在当当中查询图书 在豆瓣中查询图书


正题名:与官员谈西方经济学     索取号:F03/30         预约/预借

序号 登录号 条形码 馆藏地/架位号 状态 备注
1 0310365   203103658   第一借阅区/ [索取号:F03/30] 在馆    
2 0310366   203103667   第一借阅区/ [索取号:F03/30] 在馆    
3 0310367   203103676   第一借阅区/ [索取号:F03/30] 在馆    
4 0310368   203103685   第一样本阅览室/ [索取号:F03/30] 在馆    
5 0310369   203103694   第一借阅区/ [索取号:F03/30] 在馆    
唐山师范学院图书馆 欢迎您!
大连网信软件有限公司© 版权所有